000 01137nam0a22002651 4500
001 rc\4554161
005 20250612115239.0
021 _aRU
_b[62-32757]
035 _a(NLR Aleph) 008643447
090 _a8956881
_c8956881
100 _a20130416d1962 |||y0rusy50 ca
101 0 _arus
102 _aRU
105 _ay z |||||
200 1 _aТезисы докладов
_fМ-во здравоохранения РСФСР. Ленингр. сан.-гигиен. мед. ин-т. XXXV конференция студенческого науч. о-ва, посвящ. XIV съезду ВЛКСМ. 17-20 апр. 1962 г.
210 _aЛенинград
_cБ. и.
_d1962
215 _a75 с.
_d22
606 _aМедицина
_jТезисы докладов
_2psbo
710 0 2 _aЛенинградский санитарно-гигиенический медицинский институт
_bСтуденческая научная конференция
_d35
_f1962
_9692271
_3RU\NLR\AUTH\880515828
801 0 _aRU
_bNLR
_gpsbo
801 1 _aRU
_bELAR
_2rusmarc
852 _aNLR
_j62-6/6639
942 _cBOOK
980 _aNB